000 02470cam a2200349 i 4500
003 OSt
005 20250915125427.0
008 250913s1976 qa g 000 0 ara c
024 0 _a00000000974196
040 _aAE-DuMBRL
_bara
_cSA-RiAUC
_erda
041 1 _aara
_hund
050 4 _b.L56125 1976
082 0 4 _a213
_qSA-RiAUC
090 _a213
_b ل م ا
245 0 0 _aلماذا أسلمنا :
_bمجموعة مقالات لنخبة من رجال الفكر في مختلف الأقطار عن سبب اعتناقهم الإسلام /
_cترجم إلى اللغة العربية وطبع بأمر الشيخ قاسم بن حمد الثاني ؛ ترجمة مصطفى جبر ؛ مراجعة السيد أبو يوسف.
250 _aالطبعة الثالثة.
264 1 _aقطر :
_bوزارة التربية والتعليم ورعاية الشباب، إدارة الشئون الدينية،
_c1976.
264 3 _a[الدوحة] :
_bمطابع الدوحة الحديثة
300 _a199 صفحة ؛
_c21 × 14 سم
336 _aنص
_btxt
_2rdacontent
_3كتاب
337 _aبدون وسيط
_bn
_2rdamedia
338 _aمجلد
_bnc
_2rdacarrier
520 _aيتناول كتاب (لماذا أسلمنا) والذي قام بتأليفه عبد الله إبراهيم الأنصاري، موضوع (الإسلام) هذا الكتاب يتضمن مجموعة مقالات قيمة تفيض بالصدق والإخلاص، لنخبة من رجال الفكر والعلم المشهورين في مختلف الأقطار ممن هداهم الله لنعمة الإسلام، يذكرون فيها عن سبب وكيفية اعتناقهم هذا الدين، وما اشتمل عليه هذا الدين من ميزات تؤهله لأن يكون النظام العالمي للمستقبل، كل ذلك في أسلوب مهذب متزن لا ينطوي على أي تجريح للديانات الأخرى.
650 7 _aالدعوة الإسلامية
_2aucsh
650 7 _aالإسلام
_vمقالات ومحاضرات
_2aucsh
700 1 _aآل ثاني، جاسم بن حمد بن عبد الله،
_d1921-1976
_eمشرف.
700 1 _aجبر، مصطفى
_eمترجم.
700 1 _aأبو يوسف، السيد
_eمراجع.
942 _2ddc
_cBOOK
_n0
949 _aSA-JeALM
_d250913
_umohamedma123
_n1
999 _c11783
_d11783